000 00290nam a2200097Ia 4500
001 695439
005 20250826161952.0
008 250824s9999 xx 000 0 und d
245 0 _aSEÇME HİKAYELER ÖMER SEYFETTİN (ANTİK OKUL KLASİ
_cÖMER SEYFETTİN
260 _bANTİK DÜNYA KLASİKLERİ
999 _c695439
_d695439